[Event "Open SSM Luglio"]
[Site "Milano ITA"]
[Date "2013.07.07"]
[Round "4"]
[White "Bisignano, Giuseppe"]
[Black "Gonella, Daniele"]
[WhiteElo "1888"]
[BlackElo "2162"]
[Result "1-0"]
[PlyCount "43"]
[EventDate "2013.07.04"]

1. e4 c5 2. Nf3 e6 3. d3 Nc6 4. g3 g6 5. c3 Bg7 6. Bg2 Nge7 7. d4 cxd4 8. cxd4
d5 9. exd5 Nxd5 10. Nc3 O-O 11. O-O Nde7 12. Be3 Nf5 13. Qe2 Nfxd4 14. Qc4
Nxf3+ 15. Bxf3 Ne5 16. Qe2 Nxf3+ 17. Qxf3 Qf6 18. Qg2 b6 19. Qxa8 Ba6 20. Qg2
Qe7 21. Rfd1 Bb7 22. f3 1-0

[Event "Open SSM Luglio"]
[Site "Milano ITA"]
[Date "2013.07.07"]
[Round "4"]
[White "Bonazzi, Edoardo"]
[Black "Gagliardi, Christian"]
[WhiteElo "2082"]
[BlackElo "2215"]
[Result "1/2-1/2"]
[PlyCount "34"]
[EventDate "2013.07.04"]

1. Nf3 g6 2. c4 Bg7 3. Nc3 c5 4. g3 Nc6 5. Bg2 e6 6. d4 cxd4 7. Nb5 d5 8. cxd5
exd5 9. O-O a6 10. Nbxd4 Nge7 11. Be3 O-O 12. Qd2 Re8 13. Rac1 Bd7 14. Rfd1 Rc8
15. Nxc6 bxc6 16. Bd4 Bxd4 17. Qxd4 Nf5 1/2-1/2

[Event "Open SSM Luglio"]
[Site "Milano ITA"]
[Date "2013.07.07"]
[Round "4"]
[White "Bonghi, Fabrizio"]
[Black "Carbone, Lorenzo"]
[WhiteElo "1537"]
[BlackElo "1576"]
[Result "0-1"]
[PlyCount "53"]
[EventDate "2013.07.04"]

1. Nf3 c5 2. c4 Nf6 3. d4 cxd4 4. Nxd4 e6 5. Nc3 a6 6. e4 d6 7. Bg5 Be7 8. Be2
O-O 9. f4 Qc7 10. Qc2 h6 11. Bh4 Nbd7 12. g4 Nc5 13. Bxf6 Bxf6 14. O-O-O b6 15.
Nf3 g5 16. fxg5 hxg5 17. h4 gxh4 18. Nxh4 Bg5+ 19. Kb1 f6 20. Ng6 Rf7 21. e5
dxe5 22. Rh8+ Kg7 23. Rdd8 Bb7 24. Rdg8+ Rxg8 25. Rxg8+ Kxg8 26. Bd3 Nxd3 27.
Qxd3 0-1

[Event "Open SSM Luglio"]
[Site "Milano ITA"]
[Date "2013.07.07"]
[Round "4"]
[White "Cazzaniga, Walter"]
[Black "Brociner, Beniamino"]
[WhiteElo "2156"]
[BlackElo "2026"]
[Result "0-1"]
[PlyCount "84"]
[EventDate "2013.07.04"]

1. d4 Nf6 2. c4 d6 3. Nf3 Nbd7 4. Nc3 e5 5. g3 Be7 6. Bg2 c6 7. O-O O-O 8. Qc2
Re8 9. b3 Bf8 10. e4 a6 11. Bb2 b5 12. Rfd1 Bb7 13. dxe5 dxe5 14. Ne2 Qc7 15.
Rac1 b4 16. Nh4 a5 17. h3 Nc5 18. g4 Ne6 19. Ba1 a4 20. bxa4 Nd7 21. Rd2 Ndc5
22. Rcd1 Rxa4 23. f4 exf4 24. Nd4 Rea8 25. Nxe6 fxe6 26. Qb2 Qb6 27. Kh2 b3 28.
a3 Rxa3 29. Qe5 Ra2 30. Bd4 Rxd2 31. Rxd2 Bc8 32. g5 Ra2 33. Rxa2 bxa2 34. g6
h6 35. Qxf4 Qd8 36. e5 Nb3 37. Bc3 c5 38. Qf1 a1=Q 39. Bxa1 Nxa1 40. Be4 Nb3
41. Ng2 Nd4 42. Ne3 Be7 0-1

[Event "Open SSM Luglio"]
[Site "Milano ITA"]
[Date "2013.07.07"]
[Round "4"]
[White "Colombo, Luca"]
[Black "Pelizzola, Danilo"]
[WhiteElo "1874"]
[BlackElo "2082"]
[Result "0-1"]
[PlyCount "144"]
[EventDate "2013.07.04"]

1. e4 e5 2. Nf3 Nc6 3. Bb5 a6 4. Bxc6 dxc6 5. d4 exd4 6. Qxd4 Qxd4 7. Nxd4 Bd7
8. Be3 Ne7 9. Nc3 f6 10. O-O Ng6 11. f4 O-O-O 12. Nf3 Re8 13. a3 Bd6 14. Nd2 h5
15. Rae1 Bf8 16. Nb3 b6 17. Bc1 Bd6 18. Be3 a5 19. Nd2 Kb7 20. Nc4 Be7 21. f5
Ne5 22. Nxe5 fxe5 23. Nb1 Kb8 24. Nd2 Bc8 25. Nf3 Bf6 26. Bg5 Bb7 27. Kf2 a4
28. Rd1 Rd8 29. Ke3 Rd6 30. Rd3 Ba6 31. Rxd6 cxd6 32. Rd1 Kc7 33. Bxf6 gxf6 34.
Nh4 Bc4 35. Rd2 Rg8 36. Rf2 d5 37. exd5 cxd5 38. Nf3 Kd6 39. c3 Bb5 40. Nh4 Rg5
41. g3 Bd7 42. Kd3 Kc5 43. Ke3 Kc4 44. Kd2 Kc5 45. Kd3 Kd6 46. Ke3 Rg4 47. Kd3
Re4 48. Ng6 Re1 49. Kd2 Rb1 50. Kc2 Rh1 51. Nh4 Bb5 52. Kd2 Bc4 53. Ke3 Rd1 54.
Rd2 Rh1 55. Rf2 Ba2 56. Ng6 Bb1 57. Kd2 Be4 58. Nh4 b5 59. Ng6 Rb1 60. Ke3 Rd1
61. Ke2 Rc1 62. Ke3 Rb1 63. Nh4 Ke7 64. Rd2 Rf1 65. Ng6+ Kd6 66. Nh4 Bxf5 67.
Rf2 d4+ 68. cxd4 exd4+ 69. Kf3 Be4+ 70. Ke2 Rxf2+ 71. Kxf2 Kc5 72. Ke2 Kc4 0-1

[Event "Open SSM Luglio"]
[Site "Milano ITA"]
[Date "2013.07.07"]
[Round "4"]
[White "Delle Fave, Fabio"]
[Black "Colica, Daniele"]
[WhiteElo "1770"]
[BlackElo "1629"]
[Result "1-0"]
[PlyCount "59"]
[EventDate "2013.07.04"]

1. e4 d5 2. exd5 Nf6 3. Nc3 Nxd5 4. Nxd5 Qxd5 5. Qf3 Qe5+ 6. Qe3 Qa5 7. Nf3 Bf5
8. Bd3 Bxd3 9. Qxd3 Nc6 10. c3 Rd8 11. Qe2 e6 12. d4 Be7 13. O-O O-O 14. Bf4
Bf6 15. Rfe1 Rd5 16. Nd2 Rf5 17. Bg3 b5 18. Nb3 Qb6 19. Nc5 Nb8 20. Qe4 Be7 21.
b4 Bd6 22. Bxd6 Qxd6 23. a4 Rh5 24. g3 bxa4 25. Rxa4 Nc6 26. Ra6 Rd5 27. b5 f5
28. Qe2 Nxd4 29. cxd4 Rxd4 30. Rxd6 1-0

[Event "Open SSM Luglio"]
[Site "Milano ITA"]
[Date "2013.07.07"]
[Round "4"]
[White "Ganci, Stefano"]
[Black "Casamassima, Paolo"]
[WhiteElo "1947"]
[BlackElo "1666"]
[Result "1/2-1/2"]
[PlyCount "135"]
[EventDate "2013.07.04"]

1. b4 Nf6 2. Bb2 e6 3. b5 d5 4. e3 Be7 5. Nf3 Nbd7 6. a4 O-O 7. Be2 c6 8. O-O
h6 9. d3 a6 10. c4 axb5 11. cxb5 cxb5 12. axb5 Rxa1 13. Bxa1 Qa5 14. Bxf6 Bxf6
15. d4 Nb6 16. Qb3 Re8 17. h3 e5 18. dxe5 Bxe5 19. Nxe5 Rxe5 20. Qc3 Qxc3 21.
Nxc3 Re7 22. Rd1 Be6 23. Bf3 Rd7 24. Ne2 f6 25. Nd4 Bf7 26. Rc1 g6 27. Rc5 Kf8
28. Kf1 Ke7 29. Bg4 f5 30. Be2 Kd6 31. Rc2 Rc7 32. Rxc7 Kxc7 33. h4 Kd6 34. h5
Nc4 35. hxg6 Bxg6 36. Bd3 Ke5 37. Ke1 Kf6 38. Bxc4 dxc4 39. Kd2 Ke5 40. Kc3 Kd5
41. f3 h5 42. g3 Kc5 43. f4 Kd5 44. Nf3 Kc5 45. Ne5 Be8 46. Nxc4 Bxb5 47. Ne5
Be8 48. Nf3 b5 49. Ng5 Bd7 50. Nh7 b4+ 51. Kc2 Be6 52. Nf6 Bf7 53. Kd3 Kb5 54.
Kc2 Ka4 55. Kb2 b3 56. e4 fxe4 57. Nxe4 Kb4 58. Nd6 Bd5 59. Nf5 Kc5 60. Ng7 Bf7
61. Kc3 Kd6 62. Nf5+ Kc5 63. Ne3 Kd6 64. Nd1 Ke7 65. Nb2 Kf6 66. Nd3 Kf5 67.
Nf2 Be6 68. Kb2 1/2-1/2

[Event "Open SSM Luglio"]
[Site "Milano ITA"]
[Date "2013.07.07"]
[Round "4"]
[White "Gonella, Graziano"]
[Black "Spelta, Andrea"]
[WhiteElo "1187"]
[BlackElo "1762"]
[Result "0-1"]
[PlyCount "109"]
[EventDate "2013.07.04"]

1. e4 e6 2. c4 b6 3. d4 Bb7 4. Nc3 Bb4 5. Nge2 Bxe4 6. f3 Bb7 7. Bd2 Nf6 8. Qb3
Be7 9. O-O-O O-O 10. Be3 d5 11. h4 dxc4 12. Qxc4 Nd5 13. Bf2 Nc6 14. Nxd5 Qxd5
15. Nf4 Qxc4+ 16. Bxc4 Na5 17. Be2 Rac8 18. d5 Bd6 19. Bg3 Bxf4+ 20. Bxf4 Bxd5
21. Ba6 Bb7 22. Bf1 Rfd8 23. Be2 c5 24. Rxd8+ Rxd8 25. Rd1 Rxd1+ 26. Kxd1 Nc6
27. Bb5 a6 28. Bxc6 Bxc6 29. Bc7 b5 30. a3 c4 31. Bd6 f6 32. Ke2 Kf7 33. f4
Bxg2 34. Ke3 h6 35. Kd4 g5 36. fxg5 fxg5 37. hxg5 hxg5 38. Bh2 Kf6 39. Be5+ Kf5
40. Bb8 g4 41. Bh2 Bf3 42. Bg3 Bd1 43. Bb8 Bb3 44. Bh2 a5 45. Bd6 b4 46. axb4
axb4 47. Bh2 Ba2 48. Be5 c3 49. bxc3 bxc3 50. Bd6 c2 51. Ba3 Kf4 52. Bc1+ Kf3
53. Be3 g3 54. Kc3 Kxe3 55. Kxc2 0-1

[Event "Open SSM Luglio"]
[Site "Milano ITA"]
[Date "2013.07.07"]
[Round "4"]
[White "Gori, Andrea"]
[Black "Beccari, Paolo"]
[WhiteElo "2075"]
[BlackElo "1795"]
[Result "1-0"]
[PlyCount "77"]
[EventDate "2013.07.04"]

1. e4 c5 2. Nc3 Nc6 3. f4 g6 4. Nf3 Bg7 5. Bb5 Nd4 6. O-O a6 7. Bc4 e6 8. d3 d5
9. Bb3 Ne7 10. e5 O-O 11. Ne2 Nxf3+ 12. Rxf3 b5 13. c3 c4 14. Bc2 cxd3 15. Qxd3
Bb7 16. Nd4 Nc6 17. Be3 Nxd4 18. Bxd4 Qh4 19. Raf1 f5 20. Rh3 Qe7 21. g4 a5 22.
Rf2 b4 23. Qe3 Rfc8 24. gxf5 exf5 25. Rd2 a4 26. Kf2 b3 27. axb3 axb3 28. Bxb3
Ra6 29. Qe2 Kh8 30. Qb5 Ra1 31. Bxd5 Ba6 32. Qb6 g5 33. c4 gxf4 34. Qg6 h6 35.
Rxh6+ Bxh6 36. Qxh6+ Qh7 37. e6+ Kg8 38. e7+ Qf7 39. Qg7# 1-0

[Event "Open SSM Luglio"]
[Site "Milano ITA"]
[Date "2013.07.07"]
[Round "4"]
[White "Montani, Francesco"]
[Black "Malescusi, Luciano"]
[WhiteElo "2195"]
[BlackElo "1909"]
[Result "1-0"]
[PlyCount "97"]
[EventDate "2013.07.04"]

1. d4 Nf6 2. Bg5 e6 3. e4 h6 4. Bxf6 Qxf6 5. Nf3 Qd8 6. Bd3 c5 7. d5 exd5 8.
exd5 d6 9. h3 Be7 10. O-O O-O 11. Nbd2 Nd7 12. Re1 Nf6 13. c4 Re8 14. Qc2 Nh5
15. Re3 Nf4 16. Bf1 Bd7 17. Rae1 Bf8 18. Rxe8 Bxe8 19. g3 Nh5 20. Ne4 Nf6 21.
Nc3 Bd7 22. Nh4 Qc8 23. Kh2 g5 24. Nf3 Bf5 25. Qd2 Qd7 26. g4 Bg6 27. Bd3 Bxd3
28. Qxd3 Re8 29. Rxe8 Qxe8 30. Qf5 Bg7 31. Kg2 a6 32. b3 b5 33. cxb5 axb5 34.
a4 bxa4 35. bxa4 Qa8 36. h4 gxh4 37. g5 hxg5 38. Nxg5 Qe8 39. Nb5 Qe1 40. Nxd6
h3+ 41. Nxh3 Qe2 42. a5 c4 43. a6 Qa2 44. Qc8+ Bf8 45. Nxc4 Nxd5 46. Ng5 Qc2
47. a7 Ne3+ 48. Kf3 Nxc4 49. a8=Q 1-0

[Event "Open SSM Luglio"]
[Site "Milano ITA"]
[Date "2013.07.07"]
[Round "4"]
[White "Puppi, Simone"]
[Black "Orlando, Luigi"]
[WhiteElo "1540"]
[BlackElo "1891"]
[Result "0-1"]
[PlyCount "146"]
[EventDate "2013.07.04"]

1. e4 d6 2. d4 Nf6 3. Bd3 g6 4. Nf3 Bg7 5. Nbd2 O-O 6. O-O Nc6 7. c3 e5 8. d5
Ne7 9. Re1 Nh5 10. Nf1 Nf4 11. Bxf4 exf4 12. Qd2 f5 13. Qxf4 fxe4 14. Qxe4 Nf5
15. h3 Qf6 16. N1h2 Nh6 17. Qe7 Bf5 18. Bxf5 Nxf5 19. Qxf6 Bxf6 20. Ng4 Be7 21.
Re6 h5 22. Ne3 Nxe3 23. Rxe3 Bf6 24. Rae1 Kf7 25. Nd2 Kg7 26. Re6 Rf7 27. Ne4
Raf8 28. Nxf6 Rxf6 29. Rxf6 Rxf6 30. Re7+ Rf7 31. Rxf7+ Kxf7 32. Kf1 Kf6 33.
Ke2 Ke5 34. c4 Kd4 35. b3 b5 36. cxb5 Kxd5 37. Kd3 Kc5 38. g4 hxg4 39. hxg4
Kxb5 40. f4 Kc5 41. Ke4 Kc6 42. g5 Kd7 43. f5 gxf5+ 44. Kxf5 d5 45. a4 c5 46.
Ke5 d4 47. Ke4 a5 48. Kd3 Ke6 49. b4 cxb4 50. Kxd4 Kf5 51. Kd3 Kxg5 52. Kd4 Kf4
53. Kd3 Ke5 54. Ke3 Kd5 55. Kd3 Kc5 56. Kc2 Kc4 57. Kb2 Kd3 58. Kb3 Kd4 59. Kc2
Ke3 60. Kb3 Kd3 61. Kb2 Kd2 62. Kb1 Kc3 63. Ka2 Kc2 64. Ka1 Kb3 65. Kb1 Kxa4
66. Ka2 Kb5 67. Ka1 Kc4 68. Kb2 a4 69. Kc2 b3+ 70. Kb2 a3+ 71. Kb1 Kc3 72. Ka1
b2+ 73. Kb1 a2+ 0-1

[Event "Open SSM Luglio"]
[Site "Milano ITA"]
[Date "2013.07.07"]
[Round "4"]
[White "Ruggeri, Igor"]
[Black "Giancotti, Eraldo"]
[WhiteElo "1592"]
[BlackElo "2069"]
[Result "0-1"]
[PlyCount "60"]
[EventDate "2013.07.04"]

1. d4 d5 2. c4 Nc6 3. e3 e5 4. dxe5 Bb4+ 5. Nc3 d4 6. exd4 Qxd4 7. Qxd4 Nxd4 8.
Bd3 Be6 9. Rb1 O-O-O 10. Nge2 Nc6 11. Nf4 Nxe5 12. Be2 Bxc4 13. Bxc4 Nxc4 14.
O-O Nf6 15. a3 Bxc3 16. bxc3 Nd2 17. Bxd2 Rxd2 18. Rfe1 Rhd8 19. f3 Rc2 20. Rb3
Nd5 21. Ne2 Re8 22. Kf1 Ne3+ 23. Kf2 Nxg2 24. Kxg2 Rcxe2+ 25. Rxe2 Rxe2+ 26.
Kg3 b6 27. Rb4 a5 28. Re4 Rxe4 29. fxe4 Kd7 30. Kf4 Kc6 0-1

[Event "Open SSM Luglio"]
[Site "Milano ITA"]
[Date "2013.07.07"]
[Round "5"]
[White "Astengo, Corrado"]
[Black "Gori, Andrea"]
[WhiteElo "2114"]
[BlackElo "2075"]
[Result "0-1"]
[PlyCount "98"]
[EventDate "2013.07.04"]

1. e4 e5 2. Nf3 Nc6 3. d4 exd4 4. Nxd4 Qh4 5. Nb5 Qxe4+ 6. Be2 Kd8 7. O-O a6 8.
N5c3 Qe8 9. Re1 Be7 10. Bf4 Nf6 11. Bc4 Qf8 12. a3 d6 13. Nd2 Bd7 14. Nf3 h6
15. Qd3 g5 16. Bg3 Rg8 17. Rad1 Rg6 18. Nd4 Nxd4 19. Qxd4 Kc8 20. Rd2 Bc6 21.
Rde2 Bd8 22. Bd3 Rg8 23. b4 h5 24. h3 Qg7 25. a4 Re8 26. Bf5+ Kb8 27. b5 Rxe2
28. Rxe2 axb5 29. axb5 Ra1+ 30. Nd1 Bxb5 31. Re1 Ra4 32. Qd2 Bc6 33. Be5 Qf8
34. Bd4 Nd7 35. Nb2 Ra8 36. Nc4 b6 37. Qc3 Kb7 38. Bg7 Qg8 39. Ne3 Ra5 40. Bd4
Ne5 41. Rb1 Ra8 42. Bxe5 dxe5 43. Qxe5 Qe8 44. Qd4 Ra5 45. c4 Be7 46. Nd5 Bc5
47. Qd2 Ra4 48. Qc2 Qe5 49. Bd3 g4 0-1

[Event "Open SSM Luglio"]
[Site "Milano ITA"]
[Date "2013.07.07"]
[Round "5"]
[White "Beccari, Paolo"]
[Black "Bemporad, Filippo"]
[WhiteElo "1795"]
[BlackElo "2029"]
[Result "0-1"]
[PlyCount "104"]
[EventDate "2013.07.04"]

1. e4 c5 2. Nf3 d6 3. d4 cxd4 4. Nxd4 Nf6 5. Nc3 e6 6. Be2 Be7 7. Be3 a6 8. a4
Qc7 9. O-O O-O 10. f4 Nc6 11. Qe1 Na5 12. Qg3 Nc4 13. Bxc4 Qxc4 14. f5 Kh8 15.
a5 Bd7 16. Qf3 e5 17. Nde2 Bc6 18. b3 Qb4 19. Nd5 Bxd5 20. exd5 Rac8 21. Bg5
Rxc2 22. Bxf6 Bxf6 23. Ra4 Qd2 24. Ng3 Rfc8 25. Ne4 Qxd5 26. Nxf6 Qxf3 27. Rxf3
gxf6 28. Rd3 Rc1+ 29. Kf2 R8c2+ 30. Ke3 Rc3 31. Rb4 Rxd3+ 32. Kxd3 Rc7 33. Ke4
Kg7 34. Kd5 Rd7 35. Rg4+ Kf8 36. Rh4 Ke7 37. Rxh7 Rc7 38. b4 Rc1 39. h4 Rd1+
40. Ke4 d5+ 41. Ke3 Rb1 42. h5 Rxb4 43. h6 Rf4 44. Rg7 Rxf5 45. g4 Rf1 46. h7
Rh1 47. Kd3 Ke6 48. Ke2 Rh3 49. Kd2 d4 50. Ke2 e4 51. Kd2 Rh2+ 52. Kd1 d3 0-1

[Event "Open SSM Luglio"]
[Site "Milano ITA"]
[Date "2013.07.07"]
[Round "5"]
[White "Bonghi, Fabrizio"]
[Black "Ruggeri, Igor"]
[WhiteElo "1537"]
[BlackElo "1592"]
[Result "1-0"]
[PlyCount "65"]
[EventDate "2013.07.04"]

1. e4 c5 2. f4 d6 3. Nf3 g6 4. c3 Bg7 5. Be2 Nf6 6. e5 dxe5 7. fxe5 Ng4 8. d4
cxd4 9. cxd4 O-O 10. O-O Nc6 11. Ng5 Nh6 12. Be3 Nf5 13. Qb3 Nfxd4 14. Bxd4
Nxd4 15. Qd1 Nxe2+ 16. Qxe2 Qd4+ 17. Kh1 Bxe5 18. Nc3 Bg4 19. Qb5 b6 20. Rae1
Bd6 21. Re4 Qg7 22. Rxg4 Qh6 23. Nh3 Qe3 24. Ne4 f5 25. Qd5+ Kh8 26. Nxd6 fxg4
27. Nf7+ Kg7 28. Nhg5 Qe2 29. Ne6+ Kg8 30. Nh6+ Kh8 31. Rxf8+ Rxf8 32. Qd4+ Rf6
33. Qd8+ 1-0

[Event "Open SSM Luglio"]
[Site "Milano ITA"]
[Date "2013.07.07"]
[Round "5"]
[White "Brociner, Beniamino"]
[Black "Bonazzi, Edoardo"]
[WhiteElo "2026"]
[BlackElo "2082"]
[Result "1/2-1/2"]
[PlyCount "23"]
[EventDate "2013.07.04"]

1. Nf3 c5 2. c4 Nf6 3. g3 Nc6 4. Bg2 g6 5. O-O Bg7 6. Nc3 O-O 7. d3 d5 8. Nxd5
Nxd5 9. cxd5 Qxd5 10. Be3 Qd6 11. Qc2 b6 12. Bf4 1/2-1/2

[Event "Open SSM Luglio"]
[Site "Milano ITA"]
[Date "2013.07.07"]
[Round "5"]
[White "Carbone, Lorenzo"]
[Black "Pollio, Ciro"]
[WhiteElo "1576"]
[BlackElo "1736"]
[Result "0-1"]
[PlyCount "56"]
[EventDate "2013.07.04"]

1. e4 c5 2. Nf3 a6 3. d4 cxd4 4. Nxd4 Nf6 5. Nc3 e5 6. Nb3 Bb4 7. Bd3 d5 8.
exd5 Nxd5 9. Bd2 Nxc3 10. bxc3 Bd6 11. O-O O-O 12. Re1 Be6 13. Be3 Qc7 14. Bd2
Nd7 15. h3 f5 16. f3 Nf6 17. Qe2 Rae8 18. Qd1 Nh5 19. Nc1 Bd5 20. Bf1 Ng3 21.
Be3 Bf7 22. Ne2 e4 23. fxe4 Nxe4 24. Bd4 Rd8 25. Qc1 Bh2+ 26. Kh1 Rxd4 27. Qe3
Rd2 28. Rab1 Rxc2 0-1

[Event "Open SSM Luglio"]
[Site "Milano ITA"]
[Date "2013.07.07"]
[Round "5"]
[White "Casati, Ivan Mario"]
[Black "Puppi, Simone"]
[WhiteElo "1401"]
[BlackElo "1540"]
[Result "0-1"]
[PlyCount "34"]
[EventDate "2013.07.04"]

1. c4 g6 2. d4 d6 3. Nc3 Bg7 4. e4 Nf6 5. Bd3 O-O 6. Nf3 Nbd7 7. Be3 c5 8. Qb3
Ng4 9. d5 Nxe3 10. fxe3 Ne5 11. Nxe5 Bxe5 12. O-O-O e6 13. h4 h5 14. Rdg1 Bg3
15. Qc2 Bxh4 16. g4 Bg5 17. gxh5 Bxe3+ 0-1

[Event "Open SSM Luglio"]
[Site "Milano ITA"]
[Date "2013.07.07"]
[Round "5"]
[White "Falchi, Claudio"]
[Black "Tirelli, Mauro"]
[WhiteElo "1953"]
[BlackElo "2021"]
[Result "0-1"]
[PlyCount "88"]
[EventDate "2013.07.04"]

1. d4 b6 2. Nf3 Bb7 3. Bf4 e6 4. e3 f5 5. Nbd2 Nf6 6. h3 d6 7. c3 Nbd7 8. Qc2
Qe7 9. O-O-O h6 10. Rg1 g5 11. Bh2 Ne4 12. Nxe4 fxe4 13. Nd2 Nf6 14. f3 exf3
15. Qg6+ Kd7 16. gxf3 Rd8 17. Qc2 Kc8 18. e4 Bg7 19. Qa4 Kb8 20. Ba6 Rhf8 21.
Bxb7 Kxb7 22. f4 gxf4 23. Bxf4 Nxe4 24. Rdf1 Nf6 25. Rg6 Nd5 26. Rfg1 Nxf4 27.
Rxg7 Rf7 28. Rxf7 Qxf7 29. Rf1 Rf8 30. Qd1 Qg6 31. Qf3+ Kb8 32. Qg4 Nd3+ 33.
Kb1 Rxf1+ 34. Nxf1 Qh7 35. Ka1 Ne1 36. a4 Qd3 37. Qg8+ Kb7 38. Qxe6 Qxf1 39.
Qd5+ Ka6 40. Ka2 Nc2 41. Kb3 Ne3 42. Qe6 Qf3 43. Qd7 Qd5+ 44. Kb4 Nc2# 0-1

[Event "Open SSM Luglio"]
[Site "Milano ITA"]
[Date "2013.07.07"]
[Round "5"]
[White "Gagliardi, Christian"]
[Black "Bisignano, Giuseppe"]
[WhiteElo "2215"]
[BlackElo "1888"]
[Result "1-0"]
[PlyCount "93"]
[EventDate "2013.07.04"]

1. d4 Nf6 2. Bf4 d6 3. e3 g6 4. Nf3 Bg7 5. Be2 O-O 6. O-O Nbd7 7. h3 c5 8. c3
cxd4 9. exd4 b6 10. Nbd2 Nd5 11. Bh2 Bb7 12. Re1 N7f6 13. a4 Nh5 14. Bf1 a6 15.
Qb3 a5 16. Rad1 Rb8 17. Nc4 Bc6 18. Na3 Nhf4 19. c4 Nxh3+ 20. gxh3 Nb4 21. d5
Bd7 22. Bf4 Na6 23. Be3 Nc5 24. Bxc5 bxc5 25. Nb5 e6 26. Bg2 e5 27. Qc2 f5 28.
b3 e4 29. Nd2 Be5 30. f3 Qg5 31. Kh1 e3 32. f4 Qxf4 33. Nf3 Bf6 34. Qe2 Rbe8
35. Rd3 Qg3 36. Nc7 f4 37. Ne6 Bxe6 38. dxe6 Rxe6 39. Rg1 Rfe8 40. Bf1 Qf2 41.
Qxf2 exf2 42. Rg2 Re3 43. Rxf2 Rxd3 44. Bxd3 Re3 45. Bc2 Bh4 46. Nxh4 Rxh3+ 47.
Rh2 1-0

[Event "Open SSM Luglio"]
[Site "Milano ITA"]
[Date "2013.07.07"]
[Round "5"]
[White "Giancotti, Eraldo"]
[Black "Margstahler, Francesco"]
[WhiteElo "2069"]
[BlackElo "1770"]
[Result "1-0"]
[PlyCount "95"]
[EventDate "2013.07.04"]

1. Nf3 d5 2. c4 c6 3. g3 Nf6 4. Bg2 Bf5 5. O-O e6 6. d3 h6 7. Be3 Nbd7 8. Qb3
Qc7 9. Rc1 dxc4 10. Qxc4 Be7 11. Nc3 O-O 12. b4 Nb6 13. Qb3 Nbd5 14. Nxd5 Nxd5
15. Bd2 Bh7 16. a4 Bf6 17. Rab1 Qd7 18. Ne1 Rac8 19. Nc2 Rc7 20. e4 Ne7 21. Be3
Rd8 22. d4 g5 23. Rd1 Qc8 24. Na3 Rcd7 25. Qc4 Rd6 26. Rd2 e5 27. Rbd1 exd4 28.
Bxd4 Bxd4 29. Rxd4 Rxd4 30. Rxd4 c5 31. Qxc5 Rxd4 32. Qxd4 Qc1+ 33. Bf1 Qxa3
34. Qd8+ Kg7 35. Qxe7 Qxa4 36. e5 Qc6 37. b5 Qb6 38. Bc4 Qg6 39. f3 Qb1+ 40.
Kf2 Qc2+ 41. Be2 Bd3 42. Qf6+ Kh7 43. Qxf7+ Kh8 44. Qf8+ Kh7 45. Qe7+ Kg6 46.
Qe8+ Kg7 47. Qd7+ Kg8 48. Qxd3 1-0

[Event "Open SSM Luglio"]
[Site "Milano ITA"]
[Date "2013.07.07"]
[Round "5"]
[White "Gonella, Daniele"]
[Black "Alati, Alberto"]
[WhiteElo "2162"]
[BlackElo "1736"]
[Result "1-0"]
[PlyCount "73"]
[EventDate "2013.07.04"]

1. e4 d6 2. d4 Nf6 3. Nc3 g6 4. f4 Bg7 5. Nf3 O-O 6. Bd3 c5 7. d5 a6 8. a4 e6
9. O-O exd5 10. Nxd5 Nxd5 11. exd5 Nd7 12. c4 Nf6 13. Bd2 Ng4 14. h3 Nh6 15.
Qc2 Nf5 16. Rfe1 Bd7 17. Bc3 Qc7 18. g4 Bxc3 19. Qxc3 Ng7 20. Qf6 Rae8 21. Ng5
Qa5 22. Ne4 Qb4 23. Qc3 Qxc3 24. bxc3 f5 25. Nxd6 Bc8 26. Nxe8 Nxe8 27. g5 Nd6
28. Re7 Rf7 29. Rae1 Kf8 30. R7e2 a5 31. Rb2 Bd7 32. Rb6 Ne4 33. Bxe4 fxe4 34.
Rxb7 Bf5 35. Rb8+ Ke7 36. Rb5 Kd6 37. Rxa5 1-0

[Event "Open SSM Luglio"]
[Site "Milano ITA"]
[Date "2013.07.07"]
[Round "5"]
[White "Guttarolo, Giovanni"]
[Black "Colica, Daniele"]
[WhiteElo "1402"]
[BlackElo "1629"]
[Result "0-1"]
[PlyCount "30"]
[EventDate "2013.07.04"]

1. e4 d5 2. e5 Bf5 3. Nf3 c5 4. d4 Nc6 5. c4 e6 6. cxd5 exd5 7. Nc3 Nge7 8. Bb5
a6 9. Ba4 b5 10. Bc2 Bxc2 11. Qxc2 Nxd4 12. Nxd4 cxd4 13. Ne2 Rc8 14. Qd2 Nc6
15. f4 Bb4 0-1

[Event "Open SSM Luglio"]
[Site "Milano ITA"]
[Date "2013.07.07"]
[Round "5"]
[White "Malescusi, Luciano"]
[Black "Madaschi, Sergio"]
[WhiteElo "1909"]
[BlackElo "1519"]
[Result "1-0"]
[PlyCount "71"]
[EventDate "2013.07.04"]

1. b3 e5 2. Bb2 Nc6 3. c4 Nf6 4. e3 d6 5. a3 Be6 6. d3 g6 7. Qc2 Bg7 8. Nf3 O-O
9. Be2 Qd7 10. O-O Bg4 11. Nc3 a6 12. Rac1 Rfe8 13. Nd5 Rac8 14. Rfe1 Ne7 15.
Nc3 Nc6 16. b4 Bf5 17. Nd2 Bg4 18. Bf1 Bf5 19. Nde4 Nxe4 20. dxe4 Be6 21. Red1
f5 22. c5 Red8 23. b5 axb5 24. Bxb5 Qe7 25. Nd5 Qf7 26. Qb1 fxe4 27. Qxe4 Bf5
28. Qh4 Bf8 29. Bc4 Kh8 30. Nb6 Be6 31. Bxe6 Qxe6 32. Nxc8 Rxc8 33. cxd6 cxd6
34. Qa4 Bg7 35. Qb5 Qf7 36. Rxd6 1-0

[Event "Open SSM Luglio"]
[Site "Milano ITA"]
[Date "2013.07.07"]
[Round "5"]
[White "Orlando, Luigi"]
[Black "Delle Fave, Fabio"]
[WhiteElo "1891"]
[BlackElo "1770"]
[Result "1/2-1/2"]
[PlyCount "82"]
[EventDate "2013.07.04"]

1. Nf3 Nf6 2. g3 g6 3. Bg2 Bg7 4. O-O O-O 5. d3 d5 6. Nbd2 c5 7. e4 e6 8. c3
Nc6 9. Qe2 Re8 10. e5 Nd7 11. d4 Qb6 12. Nb3 cxd4 13. cxd4 Na5 14. Nxa5 Qxa5
15. Bd2 Qd8 16. Rfc1 b6 17. Bg5 f6 18. exf6 Bxf6 19. Bxf6 Nxf6 20. Ne5 Bb7 21.
Rc2 Rc8 22. Rac1 Qd6 23. Rxc8 Rxc8 24. Rxc8+ Bxc8 25. Qc2 Qd8 26. Qa4 a5 27.
Qc6 Kf8 28. Bh3 Ke7 29. Qb5 Qc7 30. b4 Bd7 31. Nxd7 Nxd7 32. bxa5 bxa5 33. Qe2
Qb6 34. Qd2 Nf6 35. Bf1 Qb4 36. Qc2 Qb6 37. a4 Ne4 38. Bb5 Qxd4 39. Qc7+ Kf6
40. Qf4+ Ke7 41. Qc7+ Kf6 1/2-1/2

[Event "Open SSM Luglio"]
[Site "Milano ITA"]
[Date "2013.07.07"]
[Round "5"]
[White "Pelizzola, Danilo"]
[Black "Cazzaniga, Walter"]
[WhiteElo "2082"]
[BlackElo "2156"]
[Result "1-0"]
[PlyCount "77"]
[EventDate "2013.07.04"]

1. e4 c5 2. Nf3 d6 3. d4 cxd4 4. Nxd4 Nf6 5. Nc3 g6 6. Be3 Bg7 7. f3 Nc6 8. Qd2
O-O 9. Bc4 Bd7 10. O-O-O Rc8 11. Bb3 Ne5 12. g4 Nc4 13. Bxc4 Rxc4 14. h4 Qc7
15. h5 Rc8 16. hxg6 fxg6 17. Nde2 b5 18. g5 Ne8 19. Kb1 b4 20. Nd5 Qd8 21. Rc1
Be6 22. Nef4 Bf7 23. Qh2 h5 24. gxh6 Be5 25. h7+ Kh8 26. Qh6 Ng7 27. Nxg6+ Bxg6
28. Qxg6 Qf8 29. f4 Bd4 30. Bxd4 Rxd4 31. Rhg1 e6 32. Nf6 Rdc4 33. Nd7 Qe7 34.
Nf6 R4c7 35. f5 Rf8 36. Nh5 Qf7 37. Nxg7 Qxg7 38. Qxe6 Qf7 39. Qxd6 1-0

[Event "Open SSM Luglio"]
[Site "Milano ITA"]
[Date "2013.07.07"]
[Round "5"]
[White "Spelta, Andrea"]
[Black "Colombo, Luca"]
[WhiteElo "1762"]
[BlackElo "1874"]
[Result "0-1"]
[PlyCount "102"]
[EventDate "2013.07.04"]

1. Nf3 Nf6 2. g3 d6 3. Bg2 g6 4. O-O Bg7 5. d3 O-O 6. e4 Nc6 7. h3 e5 8. Be3
Be6 9. Ng5 Bd7 10. Qd2 Ne7 11. c4 c5 12. Nf3 Ne8 13. Bh6 f5 14. Nc3 Nc7 15.
Rab1 a5 16. b3 fxe4 17. dxe4 Bxh3 18. Bxh3 Rxf3 19. Bxg7 Kxg7 20. Bg4 Rf6 21.
Kg2 Nc6 22. Rh1 h5 23. Nd5 Nxd5 24. cxd5 Nd4 25. Bd1 Qh8 26. g4 h4 27. Qg5 Qh6
28. Qxh6+ Kxh6 29. Rxh4+ Kg7 30. g5 Rf7 31. Bg4 Rh8 32. Rxh8 Kxh8 33. Rh1+ Kg7
34. Bd1 b5 35. Rh3 Rc7 36. Rc3 b4 37. Rc4 Nb5 38. a4 bxa3 39. Ra4 Nc3 40. Rxa3
Nxd1 41. Rxa5 Rf7 42. f3 Ne3+ 43. Kg3 Nc2 44. Ra6 Rd7 45. Rb6 Nd4 46. Kf2 Kf7
47. Ke3 Ke7 48. f4 exf4+ 49. Kxf4 Ne2+ 50. Ke3 Nd4 51. Kd3 Nf3 0-1